Existence : A ne diension in psychiatry and psychology (Record no. 1352295)

MARC details
000 -LEADER
fixed length control field 00620nam a2200205Ia 4500
005 - DATE AND TIME OF LATEST TRANSACTION
control field 20250508154822.0
008 - FIXED-LENGTH DATA ELEMENTS--GENERAL INFORMATION
fixed length control field 008 250505s9999 xx 000 0 eng d
037 ## - SOURCE OF ACQUISITION
Stock number Textual
040 ## - CATALOGING SOURCE
Original cataloging agency FEDL
Language of cataloging eng
Transcribing agency FEDL
041 ## - LANGUAGE CODE
Language code of text/sound track or separate title eng
Source of code eng
084 ## - COLON CLASSIFICATION NUMBER
Classification number 157.9, MAY
Assigning agency FEDL
100 ## - MAIN ENTRY--PERSONAL NAME
Personal name May Rollo Ed.
9 (RLIN) 86517
245 #0 - TITLE STATEMENT
Title Existence : A ne diension in psychiatry and psychology
260 ## - PUBLICATION, DISTRIBUTION, ETC.
Place of publication, distribution, etc. New York, USA
Name of publisher, distributor, etc. Basic Books
Date of publication, distribution, etc. 1958
300 ## - PHYSICAL DESCRIPTION
Extent ix,445p.
650 ## - SUBJECT ADDED ENTRY--TOPICAL TERM
Topical term or geographic name entry element Abnormal Psychology
700 ## - ADDED ENTRY--PERSONAL NAME
Personal name Angel Ernest Ed. Ellenberger Henri F. Ed.
9 (RLIN) 766172
942 ## - ADDED ENTRY ELEMENTS (KOHA)
Koha item type Textual
Classification part 157.9, MAY
Holdings
Withdrawn status Lost status Damaged status Not for loan Home library Current library Date acquired Total Checkouts Full call number Barcode Date last seen Price effective from Koha item type
        Department of Education Library Department of Education Library 2025-05-08   157.9, MAY EL0036547 2025-05-08 2025-05-08 Textual
Copyright @ Delhi University Library System